[Event "Gibtelecom Masters 2nd"]
[Site "Gibraltar"]
[Date "2004.01.27"]
[Round "1.3"]
[White "Wells, Peter K"]
[Black "Epishin, Vladimir"]
[Result "1-0"]
[WhiteElo "2493"]
[BlackElo "2633"]
[PlyCount "77"]
[EventDate "2004.01.27"]
[EventType "swiss"]
[EventRounds "10"]
[EventCountry "GGB"]
[SourceTitle "BritBase"]
[Source "www.saund.co.uk"]
[SourceDate "2018.02.10"]
[SourceVersion "1"]
[SourceVersionDate "2018.02.10"]
[SourceQuality "1"]

1. d4 Nf6 2. c4 c6 3. Nc3 d5 4. e3 a6 5. Nf3 b5 6. b3 Bg4 7. Be2 e6 8. O-O Nbd7
9. h3 Bh5 10. Ne5 Bxe2 11. Nxe2 Nxe5 12. dxe5 Nd7 13. cxd5 cxd5 14. Bb2 Be7 15.
Nf4 O-O 16. Qg4 Ra7 17. Rac1 Kh8 18. Rc6 Qb8 19. Nh5 g6 20. Nf4 Rc8 21. Rxc8+
Qxc8 22. Rc1 Qf8 23. Bd4 Rb7 24. Nxe6 fxe6 25. Qxe6 Kg7 26. Qxa6 Qb8 27. Qe6
Nf8 28. Qxd5 b4 29. Rc6 Rb5 30. Qc4 Ra5 31. Rc8 Qb5 32. e6+ Kh6 33. Qc7 Qg5 34.
f4 Qg3 35. Bg7+ Kxg7 36. Qxe7+ Kh6 37. Kh1 Kh5 38. Qxf8 g5 39. Rc5 1-0

[Event "Gibtelecom Masters 2nd"]
[Site "Gibraltar"]
[Date "2004.01.27"]
[Round "1.4"]
[White "Inarkiev, Ernesto"]
[Black "Cramling, Pia"]
[Result "1-0"]
[WhiteElo "2606"]
[BlackElo "2488"]
[PlyCount "75"]
[EventDate "2004.01.27"]
[EventType "swiss"]
[EventRounds "10"]
[EventCountry "GGB"]
[SourceTitle "BritBase"]
[Source "www.saund.co.uk"]
[SourceDate "2018.02.10"]
[SourceVersion "1"]
[SourceVersionDate "2018.02.10"]
[SourceQuality "1"]

1. e4 c5 2. Nf3 e6 3. Nc3 a6 4. d4 cxd4 5. Nxd4 Qc7 6. Bd3 Bc5 7. Nb3 Be7 8.
Qg4 g6 9. O-O d6 10. Kh1 Nf6 11. Qh4 Nbd7 12. Bg5 h6 13. Qh3 b6 14. Bd2 e5 15.
Qe3 Kf8 16. f4 Bb7 17. Rf3 exf4 18. Rxf4 Nh5 19. Rff1 Ne5 20. Qd4 Bg5 21. Na4
Bxd2 22. Nxd2 b5 23. Nb6 Rd8 24. a4 Qc5 25. Nb3 Qxd4 26. Nxd4 Kg7 27. axb5 axb5
28. Ra7 Rb8 29. Nxb5 Rhd8 30. Nc7 Nf6 31. b4 Nc6 32. Ra4 Bc8 33. Nbd5 Nxd5 34.
Nxd5 Bd7 35. Ra6 Rdc8 36. Nb6 Nxb4 37. Nxd7 Nxa6 38. Bxa6 1-0

[Event "Gibtelecom Masters 2nd"]
[Site "Gibraltar"]
[Date "2004.01.27"]
[Round "1.6"]
[White "Sulskis, Sarunas"]
[Black "Shaw, John K"]
[Result "1-0"]
[WhiteElo "2582"]
[BlackElo "2465"]
[PlyCount "89"]
[EventDate "2004.01.27"]
[EventType "swiss"]
[EventRounds "10"]
[EventCountry "GGB"]
[SourceTitle "BritBase"]
[Source "www.saund.co.uk"]
[SourceDate "2018.02.10"]
[SourceVersion "1"]
[SourceVersionDate "2018.02.10"]
[SourceQuality "1"]

1. e4 c5 2. g3 Nc6 3. Bg2 g6 4. d3 Bg7 5. Nd2 d6 6. Nh3 Nf6 7. O-O O-O 8. a4
Rb8 9. c3 a6 10. f4 b5 11. axb5 axb5 12. Nf2 Bd7 13. g4 Qc8 14. f5 Ne8 15. Nf3
e6 16. Bd2 exf5 17. gxf5 gxf5 18. Nh4 Ne7 19. Bg5 f6 20. Bf4 Ng6 21. Nxg6 hxg6
22. exf5 Bxf5 23. Re1 Be6 24. Ne4 Rb6 25. Ra8 Qxa8 26. Nxf6+ Rxf6 27. Bxa8 Nc7
28. Bg5 Rf5 29. Bd8 Nxa8 30. Rxe6 Rb8 31. Rxd6 b4 32. Qe1 bxc3 33. bxc3 Be5 34.
Rxg6+ Kf7 35. Rg5 Rxg5+ 36. Bxg5 Re8 37. Qh4 Nc7 38. d4 cxd4 39. cxd4 Bg7 40.
Qf4+ Kg6 41. Qxc7 Bxd4+ 42. Kg2 Kxg5 43. Qg3+ Kh6 44. Qf3 Kg5 45. h4+ 1-0

[Event "Gibtelecom Masters 2nd"]
[Site "Gibraltar"]
[Date "2004.01.27"]
[Round "1.9"]
[White "Al Sayed, Mohamad Naser"]
[Black "Barua, Dibyendu"]
[Result "1/2-1/2"]
[WhiteElo "2446"]
[BlackElo "2549"]
[PlyCount "79"]
[EventDate "2004.01.27"]
[EventType "swiss"]
[EventRounds "10"]
[EventCountry "GGB"]
[SourceTitle "BritBase"]
[Source "www.saund.co.uk"]
[SourceDate "2018.02.10"]
[SourceVersion "1"]
[SourceVersionDate "2018.02.10"]
[SourceQuality "1"]

1. e4 e6 2. d4 d5 3. Nc3 Nf6 4. Bg5 dxe4 5. Nxe4 Be7 6. Bxf6 gxf6 7. Nf3 a6 8.
g3 b5 9. Bg2 Bb7 10. Qe2 Bd5 11. Qe3 Nd7 12. O-O Nb6 13. b3 b4 14. a3 a5 15.
Nc5 O-O 16. Rfd1 Qd6 17. Bf1 Kh8 18. Ne1 Bc6 19. c4 bxc3 20. Qxc3 Nd5 21. Qc2
f5 22. Rac1 Bg5 23. Ra1 Nf6 24. Bg2 Bxg2 25. Nxg2 Qc6 26. Qe2 Rfd8 27. Ne1 Ne4
28. Nf3 Bf6 29. Rac1 Kg8 30. Re1 Nxc5 31. Rxc5 Qb6 32. Qc4 Rab8 33. Re3 Rd6 34.
d5 exd5 35. Rxd5 Rxd5 36. Qxd5 Qb5 37. Qd2 a4 38. b4 Rd8 39. Qc2 c6 40. Ne1
1/2-1/2

[Event "Gibtelecom Masters 2nd"]
[Site "Gibraltar"]
[Date "2004.01.27"]
[Round "1.10"]
[White "Hebden, Mark"]
[Black "Bakre, Tejas"]
[Result "1/2-1/2"]
[WhiteElo "2549"]
[BlackElo "2446"]
[PlyCount "87"]
[EventDate "2004.01.27"]
[EventType "swiss"]
[EventRounds "10"]
[EventCountry "GGB"]
[SourceTitle "BritBase"]
[Source "www.saund.co.uk"]
[SourceDate "2018.02.10"]
[SourceVersion "1"]
[SourceVersionDate "2018.02.10"]
[SourceQuality "1"]

1. d4 Nf6 2. Nf3 e6 3. c3 c5 4. Bg5 Qb6 5. Nbd2 d5 6. Rb1 cxd4 7. cxd4 Ne4 8.
Bf4 Nxd2 9. Bxd2 Bb4 10. e3 Bxd2+ 11. Qxd2 Bd7 12. Bd3 Bb5 13. Ne5 Nc6 14. Bxb5
Qxb5 15. Nxc6 Qxc6 16. O-O O-O 17. Rfc1 Qa6 18. b3 Rac8 19. Rc2 b6 20. Rbc1
Rxc2 21. Qxc2 Qa3 22. h3 g6 23. Qc3 a5 24. Rc2 Qd6 25. Qc7 Qb4 26. g3 h5 27.
Kg2 a4 28. Qc3 Qxc3 29. Rxc3 axb3 30. axb3 Rb8 31. Rc7 g5 32. Kf3 Kg7 33. b4 b5
34. e4 dxe4+ 35. Kxe4 Kf6 36. Rc5 Ra8 37. Rxb5 Ra2 38. f4 gxf4 39. gxf4 h4 40.
Rh5 Rb2 41. Rxh4 Rxb4 42. Rh6+ Ke7 43. Rh8 Rb1 44. Ra8 1/2-1/2

[Event "Gibtelecom Masters 2nd"]
[Site "Gibraltar"]
[Date "2004.01.27"]
[Round "1.11"]
[White "Vijayalakshmi, Subbaraman"]
[Black "Rowson, Jonathan"]
[Result "1-0"]
[WhiteElo "2444"]
[BlackElo "2547"]
[PlyCount "93"]
[EventDate "2004.01.27"]
[EventType "swiss"]
[EventRounds "10"]
[EventCountry "GGB"]
[SourceTitle "BritBase"]
[Source "www.saund.co.uk"]
[SourceDate "2018.02.10"]
[SourceVersion "1"]
[SourceVersionDate "2018.02.10"]
[SourceQuality "1"]

1. e4 c5 2. Nf3 Nc6 3. Bb5 e6 4. O-O Nge7 5. c3 a6 6. Ba4 b5 7. Bc2 Bb7 8. Re1
Rc8 9. d4 cxd4 10. cxd4 Nb4 11. Bb3 Rxc1 12. Qxc1 Nd3 13. Qe3 Nxe1 14. Qxe1 Ng6
15. Nc3 Be7 16. d5 O-O 17. Rd1 Qb8 18. e5 Bb4 19. Qe4 Bxc3 20. bxc3 Re8 21. Qe3
Ne7 22. d6 Nf5 23. Qf4 Qc8 24. Nd4 g6 25. Rd3 Nxd4 26. cxd4 Qc6 27. Rf3 Rf8 28.
d5 exd5 29. h4 h5 30. Qf6 a5 31. Rg3 Qc1+ 32. Kh2 a4 33. e6 dxe6 34. d7 Qc7 35.
Bc2 Qxc2 36. d8=Q Rxd8 37. Qxd8+ Kg7 38. Qe7 d4 39. Qxb7 Qxa2 40. Rf3 e5 41.
Qxb5 Qe6 42. Qxa4 Qg4 43. Qe8 Qxh4+ 44. Kg1 Qe4 45. Rxf7+ Kh6 46. Qf8+ Kg5 47.
Qe7+ 1-0

[Event "Gibtelecom Masters 2nd"]
[Site "Gibraltar"]
[Date "2004.01.27"]
[Round "1.12"]
[White "Ganguly, Surya Shekhar"]
[Black "Tissir, Mohamed"]
[Result "1-0"]
[WhiteElo "2541"]
[BlackElo "2436"]
[PlyCount "93"]
[EventDate "2004.01.27"]
[EventType "swiss"]
[EventRounds "10"]
[EventCountry "GGB"]
[SourceTitle "BritBase"]
[Source "www.saund.co.uk"]
[SourceDate "2018.02.10"]
[SourceVersion "1"]
[SourceVersionDate "2018.02.10"]
[SourceQuality "1"]

1. e4 c5 2. Nf3 d6 3. d4 cxd4 4. Nxd4 Nf6 5. Nc3 a6 6. Be2 e5 7. Nb3 Be7 8. O-O
Be6 9. f4 Qc7 10. Kh1 Nbd7 11. g4 h6 12. g5 hxg5 13. fxg5 Nh7 14. Bg4 Nxg5 15.
Bxg5 Bxg5 16. Bxe6 fxe6 17. Qg4 Bf4 18. Qxe6+ Kf8 19. Rf2 Nf6 20. Nd4 exd4 21.
Rxf4 Qe7 22. Qxe7+ Kxe7 23. Ne2 g5 24. Rf3 Ng4 25. h3 Ne5 26. Rg3 Raf8 27. Nxd4
Rf2 28. Rd1 g4 29. Kg1 Rf4 30. hxg4 Nxg4 31. Nf5+ Kd7 32. Rxd6+ Kc7 33. Rg6 Ne5
34. Rg7+ Kb8 35. Rg8+ Rxg8 36. Rxg8+ Kc7 37. Rg7+ Kc6 38. Nd4+ Kb6 39. Ne6 Rxe4
40. Rxb7+ Kc6 41. Ra7 Kd6 42. Rxa6+ Ke7 43. Nc5 Re2 44. Kf1 Rxc2 45. Re6+ Kf7
46. Rxe5 Rxb2 47. Re2 1-0

[Event "Gibtelecom Masters 2nd"]
[Site "Gibraltar"]
[Date "2004.01.27"]
[Round "1.13"]
[White "Arakhamia-Grant, Ketevan"]
[Black "Motwani, Paul"]
[Result "1/2-1/2"]
[WhiteElo "2435"]
[BlackElo "2537"]
[PlyCount "64"]
[EventDate "2004.01.27"]
[EventType "swiss"]
[EventRounds "10"]
[EventCountry "GGB"]
[SourceTitle "BritBase"]
[Source "www.saund.co.uk"]
[SourceDate "2018.02.10"]
[SourceVersion "1"]
[SourceVersionDate "2018.02.10"]
[SourceQuality "1"]

1. e4 c6 2. d4 d5 3. Nd2 dxe4 4. Nxe4 Bf5 5. Ng3 Bg6 6. h4 h6 7. Nf3 Nd7 8. h5
Bh7 9. Bd3 Bxd3 10. Qxd3 Ngf6 11. Bf4 Qa5+ 12. Bd2 Qc7 13. O-O-O e6 14. Kb1
O-O-O 15. c4 c5 16. Qc2 cxd4 17. Nxd4 a6 18. Nb3 Bd6 19. Ba5 b6 20. Bc3 Bxg3
21. fxg3 Qb7 22. Rhe1 Rhe8 23. g4 e5 24. Rd6 Nf8 25. Rxd8+ Kxd8 26. Bxe5 N8d7
27. Bxf6+ Nxf6 28. Qd3+ Qd7 29. Qxd7+ Kxd7 30. Rxe8 Kxe8 31. c5 b5 32. Kc2 Nxg4
1/2-1/2

[Event "Gibtelecom Masters 2nd"]
[Site "Gibraltar"]
[Date "2004.01.27"]
[Round "1.14"]
[White "Poluljahov, Aleks"]
[Black "Bellon Lopez, Juan Manuel"]
[Result "0-1"]
[WhiteElo "2526"]
[BlackElo "2429"]
[PlyCount "112"]
[EventDate "2004.01.27"]
[EventType "swiss"]
[EventRounds "10"]
[EventCountry "GGB"]
[SourceTitle "BritBase"]
[Source "www.saund.co.uk"]
[SourceDate "2018.02.10"]
[SourceVersion "1"]
[SourceVersionDate "2018.02.10"]
[SourceQuality "1"]

1. Nf3 c5 2. e4 e6 3. d3 d6 4. g3 Nc6 5. Bg2 g6 6. c3 e5 7. O-O Bg7 8. a3 Nge7
9. b4 O-O 10. Be3 b6 11. b5 Nb8 12. c4 a6 13. Nc3 axb5 14. cxb5 Ra7 15. Nd2 Be6
16. Nc4 f5 17. Nd5 Nd7 18. Nxd6 f4 19. Bd2 Nf6 20. Nxe7+ Rxe7 21. Nc4 Bxc4 22.
dxc4 Rd7 23. Ra2 fxg3 24. hxg3 Bh6 25. f4 Nh5 26. Qe1 Rd3 27. Rf3 exf4 28. gxf4
Nxf4 29. Rxd3 Nxd3 30. Qa1 Qh4 31. Bxh6 Qxh6 32. Re2 Qh4 33. Qd1 Nf4 34. Rd2
Qg3 35. Kh1 Nxg2 36. Rxg2 Qh3+ 37. Kg1 Qe3+ 38. Kh2 Qxe4 39. Qd6 Rf5 40. Qd8+
Kg7 41. Qd7+ Kh6 42. Qd2+ Qf4+ 43. Qxf4+ Rxf4 44. Rd2 Rxc4 45. Rd6 Ra4 46. Rxb6
Rxa3 47. Rc6 Rc3 48. Kg2 c4 49. Kf2 Rb3 50. b6 Kh5 51. Rc7 Rxb6 52. Rxh7+ Kg4
53. Rc7 Rb2+ 54. Ke1 Rb4 55. Kf2 g5 56. Ke2 Kg3 0-1

[Event "Gibtelecom Masters 2nd"]
[Site "Gibraltar"]
[Date "2004.01.27"]
[Round "1.16"]
[White "Sandipan, Chanda"]
[Black "Vasilevich, Tatjana"]
[Result "1-0"]
[WhiteElo "2524"]
[BlackElo "2393"]
[PlyCount "109"]
[EventDate "2004.01.27"]
[EventType "swiss"]
[EventRounds "10"]
[EventCountry "GGB"]
[SourceTitle "BritBase"]
[Source "www.saund.co.uk"]
[SourceDate "2018.02.10"]
[SourceVersion "1"]
[SourceVersionDate "2018.02.10"]
[SourceQuality "1"]

1. e4 c5 2. Nf3 e6 3. d4 cxd4 4. Nxd4 a6 5. Bd3 Qc7 6. O-O Bc5 7. Nb3 Be7 8. c4
Nf6 9. Nc3 d6 10. Be3 Nbd7 11. f4 b6 12. Qf3 Bb7 13. Rae1 h5 14. Bd4 h4 15. h3
Nh5 16. f5 e5 17. Be3 Nc5 18. Bb1 Ng3 19. Rf2 Rh5 20. Qg4 Nd7 21. Nd5 Bxd5 22.
cxd5 Qd8 23. Rc2 Nf6 24. Qd1 Nfxe4 25. Rc6 Nc5 26. Nd2 a5 27. Nc4 Rb8 28. Nxd6+
Bxd6 29. Bf4 Rh6 30. Qg4 Kf8 31. Bg5 Be7 32. Rxh6 gxh6 33. Bxh6+ Ke8 34. Rxe5
f6 35. Bf4 Rc8 36. Re6 Kd7 37. Qxh4 Qg8 38. Bxg3 Nxe6 39. fxe6+ Kd8 40. Qa4 Qe8
41. Qxe8+ Kxe8 42. Bg6+ Kd8 43. d6 Bf8 44. h4 Rc1+ 45. Kh2 Rd1 46. e7+ Bxe7 47.
dxe7+ Kxe7 48. h5 Rd2 49. h6 Rd8 50. Bh4 Rd6 51. a4 Rc6 52. Bf5 Kf7 53. g4 Rd6
54. Be1 Rc6 55. Bc3 1-0

[Event "Gibtelecom Masters 2nd"]
[Site "Gibraltar"]
[Date "2004.01.27"]
[Round "1.17"]
[White "McNab, Colin"]
[Black "Ward, Chris"]
[Result "1/2-1/2"]
[WhiteElo "2388"]
[BlackElo "2522"]
[PlyCount "24"]
[EventDate "2004.01.27"]
[EventType "swiss"]
[EventRounds "10"]
[EventCountry "GGB"]
[SourceTitle "BritBase"]
[Source "www.saund.co.uk"]
[SourceDate "2018.02.10"]
[SourceVersion "1"]
[SourceVersionDate "2018.02.10"]
[SourceQuality "1"]

1. Nf3 c5 2. c4 g6 3. g3 Bg7 4. Bg2 Nc6 5. Nc3 Nf6 6. d3 O-O 7. O-O d5 8. cxd5
Nxd5 9. Bd2 Nc7 10. a3 Bg4 11. h3 Bd7 12. Kh2 Ne6 1/2-1/2

[Event "Gibtelecom Masters 2nd"]
[Site "Gibraltar"]
[Date "2004.01.27"]
[Round "1.18"]
[White "Lalic, Bogdan"]
[Black "Speck, Nick"]
[Result "1-0"]
[WhiteElo "2518"]
[BlackElo "2381"]
[PlyCount "61"]
[EventDate "2004.01.27"]
[EventType "swiss"]
[EventRounds "10"]
[EventCountry "GGB"]
[SourceTitle "BritBase"]
[Source "www.saund.co.uk"]
[SourceDate "2018.02.10"]
[SourceVersion "1"]
[SourceVersionDate "2018.02.10"]
[SourceQuality "1"]

1. d4 Nf6 2. c4 e6 3. Nc3 Bb4 4. Qc2 c5 5. dxc5 Nc6 6. Nf3 Bxc5 7. Bf4 O-O 8.
e3 d5 9. a3 Qa5 10. O-O-O Bd7 11. Kb1 dxc4 12. Bxc4 Rfc8 13. Nd2 Be7 14. Bd3 b5
15. Bxb5 Nd4 16. Qa4 Qxc3 17. Bxd7 Qd3+ 18. Ka2 Rc2 19. Qxd4 Qxd4 20. exd4 Nxd7
21. Rc1 Rcc8 22. Ne4 Nb6 23. Rxc8+ Rxc8 24. Rc1 Rd8 25. Rc7 Nd5 26. Rxa7 Bxa3
27. Bg5 f6 28. Kxa3 fxg5 29. Nxg5 Nf4 30. g3 Nd3 31. Rxg7+ 1-0

[Event "Gibtelecom Masters 2nd"]
[Site "Gibraltar"]
[Date "2004.01.27"]
[Round "1.19"]
[White "Seel, Christian"]
[Black "Kunte, Abhijit"]
[Result "1/2-1/2"]
[WhiteElo "2380"]
[BlackElo "2512"]
[PlyCount "57"]
[EventDate "2004.01.27"]
[EventType "swiss"]
[EventRounds "10"]
[EventCountry "GGB"]
[SourceTitle "BritBase"]
[Source "www.saund.co.uk"]
[SourceDate "2018.02.10"]
[SourceVersion "1"]
[SourceVersionDate "2018.02.10"]
[SourceQuality "1"]

1. Nf3 d5 2. d4 Nf6 3. c4 e6 4. g3 Bb4+ 5. Bd2 Be7 6. Bg2 O-O 7. O-O c6 8. Qb3
Nbd7 9. Bf4 a5 10. a4 Nh5 11. Bc1 Nb6 12. Nbd2 Nf6 13. Qc2 Bd7 14. c5 Nc8 15.
Ne5 Be8 16. Nb3 Nd7 17. Nd3 b6 18. Bf4 bxc5 19. Nbxc5 Nd6 20. Bxd6 Bxd6 21. Nb7
Qc7 22. Nxd6 Qxd6 23. Rfe1 Nb8 24. Qc5 Qc7 25. b4 axb4 26. Qxb4 Na6 27. Qc3 Bd7
28. e4 Qa7 29. Reb1 1/2-1/2

[Event "Gibtelecom Masters 2nd"]
[Site "Gibraltar"]
[Date "2004.01.27"]
[Round "1.21"]
[White "Wippermann, Till"]
[Black "Chandler, Murray"]
[Result "0-1"]
[WhiteElo "2353"]
[BlackElo "2508"]
[PlyCount "96"]
[EventDate "2004.01.27"]
[EventType "swiss"]
[EventRounds "10"]
[EventCountry "GGB"]
[SourceTitle "BritBase"]
[Source "www.saund.co.uk"]
[SourceDate "2018.02.10"]
[SourceVersion "1"]
[SourceVersionDate "2018.02.10"]
[SourceQuality "1"]

1. e4 c6 2. d4 d5 3. e5 c5 4. dxc5 e6 5. Be3 Ne7 6. c3 Nf5 7. Bd4 Nxd4 8. cxd4
b6 9. Bb5+ Bd7 10. Bxd7+ Nxd7 11. c6 Nb8 12. Qc2 Qc7 13. Nd2 Nxc6 14. Rc1 Rc8
15. Ne2 Be7 16. O-O O-O 17. Qd3 Qd7 18. a3 f6 19. f4 Rc7 20. Nf3 Rfc8 21. Rc3
Na5 22. Rfc1 Nc4 23. Qc2 b5 24. exf6 gxf6 25. b3 Bxa3 26. bxc4 Bxc1 27. Qxc1
Rxc4 28. Qb2 a5 29. Re3 b4 30. f5 exf5 31. Nf4 Rc2 32. Qb3 R8c3 33. Rxc3 Rxc3
34. Qb2 Qd6 35. Qe2 Rc8 36. Nh5 b3 37. Qd2 Qe7 38. h3 a4 39. Nh4 Qf7 40. Nxf5
Qxh5 41. Ne7+ Kg7 42. Nxc8 a3 43. g4 Qg5 44. Qe1 b2 45. Qe7+ Kh6 46. Qf8+ Qg7
47. Qb4 Qc7 48. Qf8+ Kg5 0-1

[Event "Gibtelecom Masters 2nd"]
[Site "Gibraltar"]
[Date "2004.01.27"]
[Round "1.23"]
[White "Mohota, Nisha"]
[Black "Davies, Nigel"]
[Result "0-1"]
[WhiteElo "2337"]
[BlackElo "2502"]
[PlyCount "124"]
[EventDate "2004.01.27"]
[EventType "swiss"]
[EventRounds "10"]
[EventCountry "GGB"]
[SourceTitle "BritBase"]
[Source "www.saund.co.uk"]
[SourceDate "2018.02.10"]
[SourceVersion "1"]
[SourceVersionDate "2018.02.10"]
[SourceQuality "1"]

1. d4 Nf6 2. c4 e6 3. Nc3 Bb4 4. e3 O-O 5. Bd3 d5 6. a3 Bxc3+ 7. bxc3 dxc4 8.
Bxc4 c5 9. Nf3 Qc7 10. Ba2 b6 11. O-O Nbd7 12. Qe2 e5 13. h3 Bb7 14. Bb2 e4 15.
Nh2 cxd4 16. cxd4 Bd5 17. Rfc1 Qb7 18. a4 Rfc8 19. Ba3 Bxa2 20. Qxa2 Qd5 21.
Qb2 a6 22. Be7 Ne8 23. Nf1 Qe6 24. Ba3 Nef6 25. Nd2 Nd5 26. Rxc8+ Rxc8 27. Rc1
N7f6 28. Rc2 h5 29. Qc1 Rxc2 30. Qxc2 g5 31. Qc4 a5 32. Qc2 h4 33. Nc4 Qc6 34.
Qb3 Kg7 35. Bd6 Ne8 36. Ba3 Nec7 37. Bd6 Ne6 38. Kf1 f6 39. Ke1 Nd8 40. Kd2 Nf7
41. Qb5 Qxb5 42. axb5 f5 43. Bb8 f4 44. Ba7 a4 45. Kc2 Nc7 46. Bxb6 Nxb5 47. f3
exf3 48. gxf3 fxe3 49. Nxe3 Kf6 50. Bc5 Nh6 51. Kd3 a3 52. Kc2 Nf5 53. Nxf5
Kxf5 54. d5 a2 55. Kb2 Nc3 56. Bd6 Nxd5 57. Kxa2 Nf4 58. Kb3 Nxh3 59. Bh2 Ng1
60. Bxg1 Kf4 61. Bb6 Kxf3 62. Kc3 h3 {corrected (thanks to Phil Adams & Nigel
Davies)} 0-1

[Event "Gibtelecom Masters 2nd"]
[Site "Gibraltar"]
[Date "2004.01.27"]
[Round "1.25"]
[White "Vea, Odin Blikra"]
[Black "Howell, David"]
[Result "0-1"]
[WhiteElo "2053"]
[BlackElo "2304"]
[PlyCount "100"]
[EventDate "2004.01.27"]
[EventType "swiss"]
[EventRounds "10"]
[EventCountry "GGB"]
[SourceTitle "BritBase"]
[Source "www.saund.co.uk"]
[SourceDate "2018.02.10"]
[SourceVersion "1"]
[SourceVersionDate "2018.02.10"]
[SourceQuality "1"]

1. e4 e5 2. Nc3 Nf6 3. f4 d5 4. fxe5 Nxe4 5. Nf3 Bc5 6. d4 Bb4 7. Bd2 c5 8. Bd3
Nxd2 9. Qxd2 Nc6 10. a3 Ba5 11. Bb5 cxd4 12. Nxd4 Bd7 13. Bxc6 bxc6 14. b4 Bc7
15. O-O O-O 16. Rae1 Qe7 17. b5 Bb6 18. Kh1 Qc5 19. Nb3 Qxa3 20. Rf3 Rad8 21.
Qg5 h6 22. Qh4 Rde8 23. Rg3 Kh8 24. bxc6 Bxc6 25. Rxg7 Kxg7 26. Qf6+ Kh7 27.
Qxc6 Rc8 28. Qxd5 Rxc3 29. Qe4+ Kg8 30. Qg4+ Kh8 31. Qh4 Kg8 32. Qg4+ Kh8 33.
Qh4 Rfc8 34. Qxh6+ Kg8 35. Qg5+ Kf8 36. e6 Qe7 37. Qh6+ Kg8 38. exf7+ Qxf7 39.
Qg5+ Qg7 40. Qd5+ Qf7 41. Qg5+ Kh8 42. Qh6+ Qh7 43. Qf6+ Qg7 44. Qh4+ Kg8 45.
Qh5 R3c7 46. Rf1 Rd8 47. Qe2 Qg6 48. h4 Rxc2 49. Qf3 Rc4 50. g3 Qe4 0-1

[Event "Gibtelecom Masters 2nd"]
[Site "Gibraltar"]
[Date "2004.01.27"]
[Round "1.26"]
[White "Muir, Andrew J"]
[Black "Agdestein, Emil"]
[Result "1-0"]
[WhiteElo "2303"]
[BlackElo "1999"]
[PlyCount "85"]
[EventDate "2004.01.27"]
[EventType "swiss"]
[EventRounds "10"]
[EventCountry "GGB"]
[SourceTitle "BritBase"]
[Source "www.saund.co.uk"]
[SourceDate "2018.02.10"]
[SourceVersion "1"]
[SourceVersionDate "2018.02.10"]
[SourceQuality "1"]

1. d4 d5 2. c4 e5 3. dxe5 d4 4. Nf3 Nc6 5. g3 Bf5 6. Bg2 Qd7 7. O-O Bc5 8. Nbd2
a5 9. Nb3 Ba7 10. a4 f6 11. exf6 Nxf6 12. Bf4 O-O 13. Ne5 Nxe5 14. Bxe5 d3 15.
exd3 Qxd3 16. Bxb7 Qxd1 17. Raxd1 Bc2 18. Bxa8 Bxb3 19. Bf3 Bxd1 20. Rxd1 Bxf2+
21. Kg2 Bb6 22. c5 Bxc5 23. Bxc7 Bb4 24. Rd8 Rxd8 25. Bxd8 Kf7 26. Kf2 Ke6 27.
Ke3 Nd5+ 28. Kd4 Kd7 29. Bxa5 Bxa5 30. Kxd5 Kc7 31. Kc5 Bb6+ 32. Kb5 Bg1 33. h3
Bf2 34. g4 h5 35. b4 Be1 36. a5 Kb8 37. Kb6 Bf2+ 38. Ka6 Be3 39. b5 hxg4 40.
hxg4 g5 41. b6 Bd2 42. Kb5 Be3 43. a6 1-0

[Event "Gibtelecom Masters 2nd"]
[Site "Gibraltar"]
[Date "2004.01.27"]
[Round "1.27"]
[White "Young, Melvyn"]
[Black "Swathi, Ghate"]
[Result "0-1"]
[WhiteElo "1717"]
[BlackElo "2297"]
[PlyCount "108"]
[EventDate "2004.01.27"]
[EventType "swiss"]
[EventRounds "10"]
[EventCountry "GGB"]
[SourceTitle "BritBase"]
[Source "www.saund.co.uk"]
[SourceDate "2018.02.10"]
[SourceVersion "1"]
[SourceVersionDate "2018.02.10"]
[SourceQuality "1"]

1. e4 e5 2. f4 exf4 3. Nf3 Ne7 4. d4 d5 5. exd5 Nxd5 6. Bd3 Bg4 7. O-O Be7 8.
c3 c5 9. Qa4+ Nc6 10. Ne5 Bd7 11. Nxd7 Qxd7 12. Bxf4 cxd4 13. cxd4 Nb6 14. Qb5
Qxd4+ 15. Kh1 O-O 16. Nc3 Qc5 17. Rae1 Qxb5 18. Bxb5 Bf6 19. Bxc6 bxc6 20. Rf2
Rfe8 21. Rfe2 Rxe2 22. Rxe2 Nd5 23. Bd2 Rb8 24. Na4 h6 25. b3 Bd4 26. Re4 c5
27. g3 Kf8 28. Kg2 f5 29. Re2 Kf7 30. Bc1 Nf6 31. Ba3 Ne4 32. Rc2 Rb5 33. Bb2
Bxb2 34. Nxb2 Rb8 35. Nd3 Rd8 36. Nxc5 Nxc5 37. Rxc5 Rd2+ 38. Kg1 Rxa2 39.
Rxf5+ Ke6 40. Rf3 Rb2 41. Rc3 Kd6 42. Rd3+ Kc6 43. Rc3+ Kb6 44. Re3 a5 45. Re8
Ka7 46. Re7+ Ka6 47. Re6+ Kb5 48. Rg6 Rxb3 49. Rxg7 a4 50. Ra7 a3 51. Kf2 Kb4
52. h4 h5 53. Rb7+ Kc3 54. Ra7 Kb2 0-1

[Event "Gibtelecom Masters 2nd"]
[Site "Gibraltar"]
[Date "2004.01.27"]
[Round "1.28"]
[White "Upton, Timothy"]
[Black "Bryn, Askild"]
[Result "1-0"]
[WhiteElo "2285"]
[BlackElo "1977"]
[PlyCount "63"]
[EventDate "2004.01.27"]
[EventType "swiss"]
[EventRounds "10"]
[EventCountry "GGB"]
[SourceTitle "BritBase"]
[Source "www.saund.co.uk"]
[SourceDate "2018.02.10"]
[SourceVersion "1"]
[SourceVersionDate "2018.02.10"]
[SourceQuality "1"]

1. e4 c5 2. Nf3 g6 3. d4 cxd4 4. Nxd4 Bg7 5. Nc3 Nc6 6. Nb3 Nf6 7. Be2 O-O 8.
O-O d6 9. Bg5 h6 10. Bh4 g5 11. Bg3 Nd7 12. f4 Nc5 13. fxg5 hxg5 14. Bc4 Be6
15. Bxe6 Nxe6 16. Qh5 Qe8 17. Qg4 Qc8 18. Nd5 f6 19. h4 Nc7 20. Qe2 gxh4 21.
Bxh4 Nxd5 22. exd5 Ne5 23. Rf4 Bh6 24. Rd4 Rf7 25. Bg3 Ng6 26. Re1 f5 27. Qh5
Kg7 28. Re6 Rf6 29. Rxf6 exf6 30. Rd3 Qd7 31. Nd4 Kf7 32. Kf1 1-0

[Event "Gibtelecom Masters 2nd"]
[Site "Gibraltar"]
[Date "2004.01.27"]
[Round "1.29"]
[White "Eliassen, Erik"]
[Black "Roberts, Paul"]
[Result "1-0"]
[WhiteElo "1956"]
[BlackElo "2242"]
[PlyCount "79"]
[EventDate "2004.01.27"]
[EventType "swiss"]
[EventRounds "10"]
[EventCountry "GGB"]
[SourceTitle "BritBase"]
[Source "www.saund.co.uk"]
[SourceDate "2018.02.10"]
[SourceVersion "1"]
[SourceVersionDate "2018.02.10"]
[SourceQuality "1"]

1. e4 c5 2. Nf3 e6 3. d4 cxd4 4. Nxd4 a6 5. a4 Nf6 6. Bd3 Nc6 7. Nb3 b6 8. O-O
d6 9. Nc3 Be7 10. Be3 O-O 11. Qe2 Nb4 12. a5 b5 13. Bb6 Qe8 14. Qd2 Nxd3 15.
cxd3 e5 16. f4 Be6 17. Nc1 exf4 18. Qxf4 d5 19. e5 Nd7 20. Bd4 f6 21. Qe3 fxe5
22. Rxf8+ Qxf8 23. Bxe5 Nxe5 24. Qxe5 Qf7 25. d4 b4 26. Na4 Bf6 27. Qf4 Bf5 28.
Nb3 Be4 29. Qd2 Qg6 30. Nac5 Bg5 31. Qe2 Be3+ 32. Kh1 Rf8 33. Nxe4 Qxe4 34. Re1
g6 35. Qxa6 Rf2 36. Qc8+ Kg7 37. Qd7+ Rf7 38. Qb5 Qc2 39. Qxd5 Qe2 40. Qxf7+
1-0